00711nam a2200205Ia 4500952013200000999001700132003000400149005001700153008004100170020001500211040000900226082001900235100002000254245008000274250001200354260003900366300000900405650004700414942004400461 00102ddc40708ISLAMaMESbMEScISLd2019-02-20g890.00l0o297.273 BEH/Tp30128r2019-02-20 00:00:00w2019-02-20yBKzGL46R2 c22644d22644OSt20200515090743.0190216s9999||||xx |||||||||||||| ||und|| a8182201454 coclc a297.273bBEH/T aBehdad, S92266 0aTheory Of Islamic Economics Tradition&Transformation /cS Behdad ; T Kurnan a1st ed. bGlobal Vision Pub ,aDelhi:c2006. a396p 0aHistory & geographyvIslamic History92271 cBK2ddch297.273iBEH/Tk297.273mBEH/T